Statystyki dla Stajce kolejowe woj. Łódzkie

Kliknij tutaj aby rozwiązać quiz!

Ogólne statystyki

  • Ten quiz został rozwiązany 39 razy
    (37 od ostatniego zresetowania)
  • Średni wynik to 39 z 152

Statystyki odpowiedzi

PowiatStacja% Poprawnych
ŁÓDŹKaliska
76%
ŁÓDŹFabryczna
72%
ŁÓDŹWidzew
72%
ŁaskiŁask
69%
PabianickiPabianice
69%
Piotrków TrybunalskiPiotrków Trybunalski
69%
SkierniewiceSkierniewice
69%
ZgierskiZgierz
69%
KutnowskiKutno
66%
BełchatowskiBełchatów
62%
OpoczyńskiOpoczno
62%
SieradzkiSieradz
62%
ŁęczyckiŁęczyca
59%
RadomszczańskiRadomsko
59%
TomaszowskiTomaszów Mazowiecki
59%
ZduńskowolskiZduńska Wola
59%
WieluńskiWieluń
55%
ŁÓDŹChojny
52%
Łódzki WschodniKoluszki
52%
ŁÓDŹPabianicka
52%
ŁowickiŁowicz Główny
48%
ŁÓDŹRetkinia
45%
ŁÓDŹŻabieniec
45%
ŁÓDŹAndrzejów
41%
ŁÓDŹLublinek
41%
ŁÓDŹNiciarniana
41%
SieradzkiSieradz Męka
38%
SieradzkiSieradz Warta
38%
ŁÓDŹ (w budowie)Śródmieście
38%
ŁÓDŹDąbrowa
34%
ZgierskiOzorków
34%
ŁÓDŹRadogoszcz Wschód
34%
ŁÓDŹRadogoszcz Zachód
34%
BrzezińskiRogów
34%
ŁÓDŹWarszawska
34%
WieruszowskiWieruszów
34%
ZgierskiZgierz Północ
34%
ŁÓDŹAndrzejów Szosa
31%
ŁÓDŹArturówek
31%
Łódzki WschodniJustynów
31%
ŁaskiKolumna
31%
ŁÓDŹOlechów Wschód
31%
OpoczyńskiOpoczno Południe
31%
PiotrkowskiRozprza
31%
ŁÓDŹStoki
31%
PiotrkowskiBaby
28%
Łódzki WschodniBedoń
28%
PabianickiDobroń
28%
Łódzki WschodniGałkówek
28%
ZgierskiGłowno
28%
SkierniewickiLipce Reymontowskie
28%
ŁÓDŹMarysin
28%
PiotrkowskiMoszczenica
28%
ŁÓDŹOlechów Zachód
28%
Łódzki WschodniŻakowice
28%
Łódzki WschodniŻakowice Południowe
28%
ZgierskiZgierz Jaracza
28%
PabianickiChechło
24%
TomaszowskiChrusty Nowe
24%
RadomszczańskiGomunice
24%
PiotrkowskiGorzkowice
24%
RadomszczańskiKamieńsk
24%
ŁowickiŁowicz Przedmieście
24%
SieradzkiMęcka Wola
24%
PiotrkowskiMilejów
24%
ŁÓDŹOlechów Wiadukt
24%
ŁÓDŹ (w budowie)Polesie
24%
SkierniewiceSkierniewice Rawka
24%
ZgierskiStryków
24%
BrzezińskiWągry
24%
PiotrkowskiWilkoszewice
24%
ŁęczyckiWitonia
24%
ŁaskiBorszewice
21%
ZgierskiChociszew
21%
RadomszczańskiDobryszyce koło Radomska
21%
OpoczyńskiDrzewica
21%
RadomszczańskiGorzędów
21%
ZgierskiGrotniki
21%
PiotrkowskiJarosty
21%
KutnowskiKutno Azory
21%
ZgierskiOzorków Nowe Miasto
21%
TomaszowskiRokiciny
21%
TomaszowskiSkrzynki
21%
Łódzki WschodniSłotwiny
21%
TomaszowskiSpała
21%
TomaszowskiWolbórka
21%
ZgierskiZgierz Kontrewers
21%
OpoczyńskiDęba Opoczyńska
17%
ŁowickiDomaniewice
17%
TomaszowskiJeleń
17%
ŁÓDŹ (w budowie)Koziny
17%
SkierniewickiKrosnowa
17%
TomaszowskiŁaznów
17%
PiotrkowskiLuciążanka
17%
SkierniewickiMaków
17%
PabianickiPabianice Północne
17%
SkierniewickiPłyćwia
17%
BrzezińskiPrzyłęk Duży
17%
ZgierskiSierpów
17%
TomaszowskiTomaszów Mazowiecki Białobrzegi
17%
OpoczyńskiAntoniów
14%
WieluńskiBiała
14%
SieradzkiBłaszki
14%
RadomszczańskiBobry
14%
TomaszowskiBrzustów
14%
SkierniewickiDąbrowice Skierniewickie
14%
ŁowickiDomaniewice Centrum
14%
ŁęczyckiGawrony
14%
OpoczyńskiRadzice
14%
OpoczyńskiSłomianka
14%
ZgierskiSwędów
14%
KutnowskiŻychlin
14%
ŁowickiBednary
10%
ŁowickiBełchów
10%
ŁowickiBobrowniki
10%
OpoczyńskiBratków
10%
ŁowickiJackowice
10%
SkierniewickiMokra
10%
ŁowickiMysłaków
10%
ŁowickiNiedźwiada Łowicka
10%
KutnowskiOstrowy
10%
SieradzkiSędzice
10%
SieradzkiSkalmierz
10%
KutnowskiSklęczki
10%
ZgierskiSmardzew
10%
OpoczyńskiSzadkowice
10%
OpoczyńskiTomaszówek
10%
TomaszowskiWykno
10%
TomaszowskiZaosie
10%
KutnowskiZłotniki Kutnowskie
10%
KutnowskiZosinów
10%
BełchatowskiBełchatów Miasto
7%
ZgierskiGlinnik
7%
ZgierskiGlinnik Wieś
7%
ŁowickiGrudze
7%
SkierniewickiJasionna Łowicka
7%
ZgierskiKamień Łowicki
7%
SkierniewickiKęszyce
7%
OpoczyńskiPetrykozy
7%
SkierniewickiSierakowice Skierniewickie
7%
OpoczyńskiSitowa
7%
WieluńskiWieluń Dąbrowa
7%
ZgierskiBratoszewice
3%
WieruszowskiCzastary
3%
WieluńskiDzietrzniki
3%
KutnowskiKrzewie
3%
KutnowskiNowe Kutnowskie
3%
WieluńskiPątnów Wieluński
3%
WieruszowskiPieczyska
3%
KutnowskiRaciborów Kutnowski
3%
KutnowskiStrzelce Kujawskie
3%
WieruszowskiWieruszów Miasto
3%

Rozkład punktacji

Percentyl według liczby udzielonych odpowiedzi

Procent ludzi z każdym wynikiem

Twoja historia wyników

Nie rozwiązałeś tego quizu od ostatniego zresetowania